01298nam a22002657a 4500003000500000008004100005040000800046041001300054082001600067245006100083250002700144260004900171300003500220336002700255337003300282338002900315505021100344650003800555650003800593650003800631942001400669952016600683952016600849999001701015BPGM260627e2014 mx baocg |||| 001 0 spa d bspa aspahspa04a628.15bR47 aRESCATE URBANO Y PATRIMONIAL DEL ACUEDUCTO DE QUERETARO  aPRIMERA EDICION b2014 aMEXICO bFONDO EDITORIAL DE QUERETARO c2014 a204 paginas c29.2 cm x 29 cm  2rdacontentatextobtxt 2rdamediaasin mediaciónbn 2rdacarrieravolumen bnc aA través de un enfoque multidisciplinario, el texto aborda la historia, el diagnóstico estructural, el impacto urbano y las intervenciones necesarias para preservar esta monumental obra del siglo XVIII. 2TECNOLOGÍA (CIENCIAS APLICADAS) 2INGENIERÍA Y OPERACIONES AFINES 2INGENIERÍA Y OPERACIONES AFINES 2ddccCOLQ 00102ddc40728ESPQaBPCEFCbBPCEFCcSALA QUERÉTARO ACCESO B PLANTA ALTAd2019-03-13eDONACIÓN l0o628.15 R47r2026-06-27 17:28:45tEJ 1w2026-06-27yCOLQ 00102ddc40728ESPQaBPCEFCbBPCEFCcSALA QUERÉTARO ACCESO B PLANTA ALTAd2019-03-13eDONACIÓN l0o628.15 R47r2026-06-27 17:28:45tEJ 2w2026-06-27yCOLQ c68683d68683